000 00540 a2200121 4500
020 _a9058095630 (hd. bd.)
082 _a624.15136 LAB
245 _aBifurcations & instabilities in geomechanics :
_bproceedings of the International Workshop on Bifurcations & Instabilities in Geomechanics, IWBI 2002, 2-5 June 2002, Minneapolis MN, USA /
_cedited by J.F. Labuz & A. Drescher.
260 _aLisse ;
_aExton, PA :
_bA.A. Balkema,
_cc2003.
300 _aix, 263 p. :
_bill. ;
_c26 cm.
650 _aSoil mechanics
650 _aBifurcation theory
650 _aLocalization theory
999 _c1105
_d1105